000 02349nam a2200385 a 4500
001 000000793
003 DO-SdBNP
005 20171101093000.0
007 000000793
008 090509s2003 dr 000 0 spa d
020 _z9993425451
040 _aBPMSU
_bspa
_cBPMSU
082 4 _a362.8292
_bP762m
100 1 _aPola Zapico, María Jesús
245 1 3 _aLa mujer Dominicana en la relación de pareja :
_brespuesta de la justicia a la violencia de género /
_cMaría Jesús Pola Zapico ; prólogo Lourdes Contreras.
260 _aSanto Domingo :
_bINTEC,
_c2003.
300 _axi, 155 p. ;
_c23 cm.
504 _aIncluye referencias bibliográficas y notas al pie de las páginas
505 0 _tPrólogo --
_tIntroducción --
_tLa mujer como sujeto de violencia en la familia --
_tLa familia y sus trampas --
_tTradiciones y mitos --
_tEspacio privado --
_tEl ciclo de la violencia --
_tEl síndrome de estocolmo --
_tEl síndrome de la mujer maltratada --
_tEl feminicidio y el suicidio del feminicida --
_tLegislación y la mujer en situación de violencia de pareja --
_tEl género en el derecho --
_tMarco de derecho internacional --
_tViolaciones al derecho a la integridad personal --
_tViolaciones al derecho a la libertad --
_tViolaciones al derecho a la igualdad --
_tRespuesta del sistema de derecho a la reforma legal en la República Dominicana --
_tLey 24-97, sobre violencia intrafamiliar --
_tLa normativa --
_tLa estructura --
_tLo político cultural: conocimientos, prácticas y actitudes del sistema operativo de la justicia --
_tEntrevista en el distrito judicial de Santiago, en el sistema penal --
_tConclusión --
_tBibliografía general --
_tAnexos
650 4 _aVIOLENCIA CONYUGAL
_xLEGISLACIÓN
_zREPÚBLICA DOMINICANA
650 4 _aVIOLENCIA CONYUGAL
_zREPÚBLICA DOMINICANA
650 4 _aDERECHOS DE LA MUJER
_zREPÚBLICA DOMINICANA
650 4 _aVIOLENCIA FAMILIAR
_zREPÚBLICA DOMINICANA
700 1 _aContreras, Lourdes
_epról.
710 2 _aInstituto Tecnológico de Santo Domingo INTEC (República Dominicana)
910 _aValidado. Control de calidad BNPHU
930 1 _l
_m
_h
_8
_f
_p
930 1 _l
_m
_h
_8
_f
_p
_h
942 _2ddc
_cBK
945 _aInventariado / 2017 VM
956 _a
_b
_c
_l
_h
956 _a
_b
_c
_l
_h
956 _a
_b
_c
_l
_h
956 _aVMATEO
_b10
_c20150807
_lBPMSU
_h00151
999 _c8125
_d8125